000 00699nam a2200253 4500
003 OSt
005 20260601171000.0
008 260506b2003\\\\||||||||\||||\00|\0\spa\d
020 _a968517248X
040 _aUNAMX
_bspa
_cUNAMX
041 _aspa
050 1 _aHF5415
_bL467
100 1 _a Lerma, Kirchner, Alejandro, E
_dautor
_931299
245 1 _aPlan estratégico de Mercadotecnia
264 _bGasca Sicco
_c2002
300 _a165 páginas
336 _atexto
_2rdacontent
337 _asin medio
_2rdamedia
338 _avolumen
_2rdacarrier
490 0 _a Serie Planeacion estrategica
650 4 _aMercadotecnia
_931300
650 4 _aPlanificación estratégica
942 _2lcc
_cB
_n1
999 _c20038
_d20038